Property investment appraisal (Record no. 106151)
[ view plain ]
| 000 -LEADER | |
|---|---|
| fixed length control field | 01435cam a22002655a 4500 |
| 001 - CONTROL NUMBER | |
| control field | L135684 |
| 008 - FIXED-LENGTH DATA ELEMENTS--GENERAL INFORMATION | |
| fixed length control field | 061124s2008 xxk 000 0 eng u |
| 020 ## - INTERNATIONAL STANDARD BOOK NUMBER | |
| International Standard Book Number | 9781405135559 |
| 035 ## - SYSTEM CONTROL NUMBER | |
| System control number | (Sirsi) u135684 |
| 050 04 - LIBRARY OF CONGRESS CALL NUMBER | |
| Classification number | 333.33 $2 18 |
| 100 1# - MAIN ENTRY--PERSONAL NAME | |
| Personal name | Baum, Andrew |
| 245 0# - TITLE STATEMENT | |
| Title | Property investment appraisal |
| 250 ## - EDITION STATEMENT | |
| Edition statement | 3rd ed. |
| 260 ## - PUBLICATION, DISTRIBUTION, ETC. | |
| Place of publication, distribution, etc. | Oxford |
| Name of publisher, distributor, etc. | Blackwell |
| Date of publication, distribution, etc. | 2008 |
| 300 ## - PHYSICAL DESCRIPTION | |
| Extent | v, 319p. |
| Dimensions | 25cm. |
| 350 ## - PRICE (NR) (BK AM CF MU VM SE) [OBSOLETE] | |
| Price | 37.50 |
| 505 2# - FORMATTED CONTENTS NOTE | |
| Formatted contents note | Property investment appraisal in its context -- Principles of investment analysis -- The DCF appraisal model -- The theory and practice of conventional appraisal techniques -- Contemporary growth-explicit market valuation models -- Contemporary freehold market valuations -- Contemporary leasehold market valuations -- Property investment value: the assessment of worth -- Value and price: a case study -- Conclusions |
| 520 ## - SUMMARY, ETC. | |
| Summary, etc. | Sets out the process of property investment appraisal: part one deals with investment and appraisal theory, part two with a discussion of market valuation models, and part three with contemporary market valuation models. Examines conventional methods of valuation and suggests that cash-flow methods may be more appropriate. |
| 520 ## - SUMMARY, ETC. | |
| Summary, etc. | Supersedes 2nd edition (ISBN 0415093287). |
| 590 ## - LOCAL NOTE (RLIN) | |
| Local note | KA |
| 651 #4 - SUBJECT ADDED ENTRY--GEOGRAPHIC NAME | |
| Geographic name | United Kingdom |
| Chronological subdivision | |
| 690 ## - LOCAL SUBJECT ADDED ENTRY--TOPICAL TERM (OCLC, RLIN) | |
| Topical term or geographic name as entry element | PROPERTY-PROPERTY FINANCE AND INVESTMENT-PROPERTY INVESTMENT APPRAISAL |
| 700 1# - ADDED ENTRY--PERSONAL NAME | |
| Personal name | Crosby, Neil |
| 942 ## - ADDED ENTRY ELEMENTS (KOHA) | |
| Suppress in OPAC | 0 |
| Withdrawn status | Lost status | Source of classification or shelving scheme | Damaged status | Not for loan | Home library | Current library | Shelving location | Date acquired | Cost, normal purchase price | Total Checkouts | Full call number | Barcode | Date last seen | Date last checked out | Copy number | Cost, replacement price | Price effective from | Koha item type |
|---|---|---|---|---|---|---|---|---|---|---|---|---|---|---|---|---|---|---|
| Dewey Decimal Classification | London | London | Books | 11/08/2008 | 37.50 | 12 | 333.33 BAU | 30076048 | 06/08/2019 | 19/11/2009 | 5 | 37.50 | 06/08/2019 | Book |